Most Populous Spanish Cities as a Percent of Their Region - Statistics

General Stats
  • This quiz has been taken 54 times
    24 since last reset
  • The average score is 12 of 18
Answer Stats
% Community City % Correct
48.6 Madrid Madrid
100%
21.0 Catalonia Barcelona
96%
15.4 Valencia Valencia
96%
51.0 Aragon Zaragoza
91%
35.6 Balearic Islands Palma
83%
15.6 Basque Country Bilbao
78%
30.1 Murcia Murcia
78%
10.9 Galicia Vigo
78%
17.2 Canary Islands Las Palmas
70%
12.5 Castile and León Valladolid
70%
14.3 Extremadura Badajoz
61%
30.7 Navarre Pamplona
61%
29.3 Cantabria Santander
61%
21.6 Asturias Oviedo
57%
26.7 Asturias Gijon
52%
46.6 La Rioja Logrono
43%
11.5 Basque Country Vitoria-Gasteiz
39%
14.1 Murcia Cartagena
26%
No matching quizzes found
Score Distribution
Percent of People with Each Score
Percentile by Number Answered
Your Score History
You have not taken this quiz since the last reset